000 01264nam2a22002771 4500
001 RU\NLR\Per\787777
005 20250617191006.0
035 _a(NLR Aleph) 003032737
090 _a1974233
_c1974233
100 _a20110729d2003 |||y0rusy50 ca
101 0 _arus
102 _aRU
105 _ay ||||000|y
200 1 _aУправление рисками промышленных организаций
_fС. Ляпина
210 _d2003
_aБ. м.
461 0 _1001RU\NLR\INFOCOMM55\1000032887
_12001#$aМаркетинг$iСпециальный выпуск$eОбщеобразоват. информ.-аналит. журн.$v№ 20
_92630008
_cМ.
_d1994-
_iСпециальный выпуск
_nЦентр маркетинговых исслед. и менеджмента
_oОбщеобразоват. информ.-аналит. журн.
_tМаркетинг
_v№ 20
606 1 _aПромышленные предприятия
_xРиски
_xУправление
_92477783
_3RU\NLR\AUTH\6601687841
686 1 _aУ30(0)-21
700 1 _aЛяпина
_bС. Ю.
_gСветлана Юрьевна
801 1 _aRU
_bInfoComm
_c20050907
801 0 _aRU
_bNLR
_gPSBO
852 _aNLR
_jП22/6831
942 _cISSUE
980 _aNB
980 _aRUSPER